Simulación de sistemas de control analógico

Uloženo v:
Podrobná bibliografie
Hlavní autor: Camacho Bevacqua, Rossana
Další autoři: Ruiz Madrigal, Allan
Médium: Kniha
Vydáno: San José, Costa Rica 1987
Témata:
Tagy: Přidat tag
Žádné tagy, Buďte první, kdo vytvoří štítek k tomuto záznamu!

MARC

LEADER 00000nam a2200000Ia 4500
003 004484
005 20221231144348.0
008 140114s1987 cr a m 000 ||s d
040 |c cru CEDI 
090 |a TFG 2023 
100 |a Camacho Bevacqua, Rossana  |9 13797 
245 |a Simulación de sistemas de control analógico 
260 |c 1987  |a San José, Costa Rica 
300 |a  45, [38] hojas : ilustraciones ; 28 cm  
500 |a Proyecto de graduación (bachillerato en ingeniería eléctrica)--Universidad de Costa Rica. Facultad de Ingeniería. Escuela de Ingeniería Eléctrica 
650 |x PASCAL (LENGUAJE DE PROGRAMACION PARA COMPUTADORA)   |x LENGUAJES DE PROGRAMACION (COMPUTADORAS ELECTRONICAS) LinkCOMPUTADORAS ELECTRONICAS ANALOGICAS - PROGRAMAS  |x COMPUTADORAS ELECTRONICAS ANALOGICAS - PROGRAMAS  |9 13799 
700 |9 13798  |a Ruiz Madrigal, Allan 
942 |c TFG 
999 |c 20736  |d 20736